British Chocolate Bars! Quiz Stats

 Plays Quiz not verified by Sporcle

Also try: British Sweets!
Challenge
Share
Tweet
Score 0/24 Timer 06:00
1 Play Today
Column % Correct
Flake
94.2%
Crunchie
87.6%
Aero
86.2%
Galaxy milk
82.4%
Bounty
82.1%
Dairy milk
81.9%
Curly wurly
78.1%
Dairy milk caramel
77.4%
Milky way
77.3%
Wagon wheel
70%
Fry's Turkish delight
69.2%
Caramac
66.1%
Column % Correct
Walnut whip
66.1%
Twirl
65.4%
Yorkie
64.3%
Wispa
62.3%
Lion bar
59.1%
Double decker
53.6%
Boost
47.8%
Toffee crisp
41.8%
Chomp
41.4%
Creme egg twisted
26.2%
Drifter
21.6%
Starbar
16.6%

You're not logged in!

Compare scores with friends on all Sporcle quizzes.
Join for Free
OR
Log In

You Might Also Like...

Show Comments

Extras

Top Quizzes Today


Score Distribution

Your Account Isn't Verified!

In order to create a playlist on Sporcle, you need to verify the email address you used during registration. Go to your Sporcle Settings to finish the process.

Report this User

Report this user for behavior that violates our Community Guidelines.

Details: